Σχόλια πάνω στην κοινωνία του θεάματος
Saved in:
| Main Author: | |
|---|---|
| Other Authors: | |
| Format: | Book |
| Language: | Greek |
| Published: |
Αθήνα :
Ελεύθερος Τύπος,
1988
|
| Subjects: | |
| Tags: |
Add Tag
No Tags, Be the first to tag this record!
|
MARC
| LEADER | 00000nam a2200000 i 4500 | ||
|---|---|---|---|
| 001 | 1/13714 | ||
| 008 | 980316s1988 gre d | ||
| 035 | |l 10019148 | ||
| 040 | |a GR-MY-UA |b |e aacr | ||
| 041 | 0 | |a gre | |
| 082 | 0 | |a 302 | |
| 100 | 1 | |a Debord, Guy, |d 1931-1994. | |
| 245 | 1 | 0 | |a Σχόλια πάνω στην κοινωνία του θεάματος / |c Γκυ Ντεμπόρ ; Μετάφραση: Πάνος Τσαχαγέας |
| 260 | |a Αθήνα : |b Ελεύθερος Τύπος, |c 1988 | ||
| 300 | |a 80 σ. | ||
| 650 | 0 | 0 | |a Social psychology. |
| 650 | 0 | 0 | |a Proletariat. |
| 650 | 0 | 0 | |a Social classes. |
| 700 | 1 | |a Τσαχαγέας, Πάνος. |4 trl | |
| 852 | |a INST |b LESVOS |e 19980316 |h 302 DEB |p 005100014680 |q 005100014680 |t BK |y 0 | ||
| 901 | |a BIBL-1998-2 | ||
| 909 | |a Λ |b 054124 | ||
| 922 | |a 1ΕΛΗ |b 199802 |c ΚΠΣ/ΤΚ |d EMVASIS | ||
| 950 | |a 103-1998-02-03 | ||